Novela Obchodného zákonníka

Nová smernica o boji proti oneskoreným platbám v obchodných transakciách. Ochrana proti katalógovým firmám. Čas plnenia peňažného záväzku dlžníka, omeškanie plnenia záväzku, úroky z omeškania, náhrada škody spôsobenej omeškaním.

Uložené v:
Podrobná bibliografia
Hlavný autor: Horváth, Edmund
Médium: Kapitola
Jazyk:Slovak
Predmet:
Tagy: Pridať tag
Žiadne tagy, Buďte prvý, kto otaguje tento záznam!

MARC

LEADER 00000naa a2200000 4500
001 0167367
005 20231120103342.0
041 0 |a slo 
044 |a SK 
245 1 0 |a Novela Obchodného zákonníka  |c Edmund Horváth 
520 |a Nová smernica o boji proti oneskoreným platbám v obchodných transakciách. Ochrana proti katalógovým firmám. Čas plnenia peňažného záväzku dlžníka, omeškanie plnenia záväzku, úroky z omeškania, náhrada škody spôsobenej omeškaním. 
610 2 0 |a zákonník obchodný 
610 2 0 |a novelizácia 
610 2 0 |a platby obchodné 
610 2 0 |a úrok z omeškania 
100 1 |a Horváth, Edmund